Loading...
| Science - Chemistry | 0 | 10 | 1 | 3 | 95 | 78 | 109.20 | 1 | 3 |
| Literature - European Literature | 0 | 6 | 1 | 1 | 55 | 124 | 136.33 | 0 | 0 |
| Literature - World Literature | 0 | 6 | 1 | 1 | 55 | 86 | 119.00 | 1 | 3 |
| Science - Biology | 0 | 7 | 3 | 3 | 55 | 49 | 108.86 | 1 | 1 |
| Science - Physics | 0 | 5 | 0 | 2 | 50 | 119 | 134.80 | 0 | 0 |
| Literature - American Literature | 0 | 5 | 1 | 0 | 45 | 41 | 113.60 | 1 | 1 |
| Fine Arts - Other Fine Arts | 0 | 5 | 1 | 1 | 45 | 97 | 114.80 | 0 | 0 |
| Literature - British Literature | 0 | 4 | 0 | 0 | 40 | 118 | 129.00 | 0 | 1 |
| Other Academic | 0 | 2 | 1 | 1 | 15 | 151 | 158.00 | 0 | 0 |
| Social Science | 0 | 2 | 2 | 1 | 10 | 103 | 114.00 | 0 | 0 |
| Fine Arts - Classical Music | 0 | 1 | 0 | 0 | 10 | 112 | 112.00 | 0 | 0 |
| History - World History | 0 | 1 | 0 | 0 | 10 | 133 | 133.00 | 0 | 0 |
| Mythology | 0 | 1 | 0 | 0 | 10 | 137 | 137.00 | 0 | 0 |
| Science - Other Science | 0 | 1 | 0 | 0 | 10 | 122 | 122.00 | 0 | 0 |
| Current Events | 0 | 1 | 0 | 0 | 10 | 88 | 88.00 | 0 | 0 |
| Fine Arts - Painting & Sculpture | 0 | 2 | 3 | 0 | 5 | 96 | 109.50 | 0 | 0 |